00360nam a2200133Ia 4500008004100000041000800041082001700049100001800066245004500084250001400129260004400143300003200187365000700219240624s9999 xx 000 0 und d aeng a658.4012 MIT aMITRA AMITAVA aFUNDAMENTALS OF QUALITY CONTROL AND IMPR a(2nd ed.) c2005aNew DelhibPrentice-Hall of India axxvi, : 723 : p. : cm. ; 23 cRS